00458 a2200121 4500001001000000005001700010008004100027245011400068100002300182700002200205773009200227999001700319ART_4508520260410162038.0260409a 10a¿Es la pobreza un determinante crucial de la participación económica de niños, niñas y adolescentes?1 aPaz, Jorge Augusto1 aPiselli, Carolina0 tRevista de estudios regionales y mercado de trabajog- Nº 5 (ene./dic. 2009)wREV44894 c34655d34655